00344nam a2200133Ia 4500008004100000020001500041041001200056082001600068100001400084245005700098260003100155300000800186650001600194221030s9999 xx 000 0 und d a8176354376 aEnglish a105.23bGra aP. Gralla 0aHow the Internet Works Millennium Edn.cby P. Gralla bTechmediaaNew Delhic2000 a324 aBE Computer